• 首页
  • 本馆介绍
  • 公告通知
  • 最新文献
  • 馆藏检索
  • 电子资源
  • 读者导购
  • 参考咨询
  • 我的图书馆
  • 登录
  • 详细信息显示
  • 放入我的书架
  • 预约/预借图书
  • 作者相关作品
  • 分类相关作品
  • 丛书相关作品
  • 出版社相关作品

书目信息

  • 表格格式
  • 工作单格式
  • 卡片格式
题名:
国外聚氯乙烯树脂
    
 
作者:
分册: 第二辑  
出版信息: 上海   上海科学技术情报研究所  1972
页数: 257页
开本: 19cm
丛书名:
单 册:
中图分类: TQ325.3
科图分类:
主题词: 聚合树脂 , 聚合塑料
电子资源:
ISBN:
000 00506nam0 2200193 45
001 0405180908
005 20040518094833.3
010    @dCNY0.70
100    @a20040518d1972 km y0chiy0120 ea
101 0  @achi
105    @a z 000yy
200 1  @a国外聚氯乙烯树脂@h第二辑@AGuo Wai Ju Lu Yi Xi Shu Zhi
210    @a上海@c上海科学技术情报研究所@d1972
215    @a257页@d19cm
606 0  @a聚合树脂
606 0  @a聚合塑料
690    @aTQ325.3@v3
801    @aCN@bTSTCL@c20040518
905    @f1@b17869@dTQ325.3@e6:2
    
    国外聚氯乙烯树脂.第二辑.-上海:上海科学技术情报研究所,1972
    257页;19cm
    
    
    ISBN :CNY0.70
    
●
相关链接 在E读中查询图书 在五车中查询图书 在当当中查询图书 在豆瓣中查询图书


正题名:国外聚氯乙烯树脂     索取号:TQ325.3/6:2         预约/预借

序号 登录号 条形码 馆藏地/架位号 状态 备注
1 0017869   001647445   第三借阅区/ [索取号:TQ325.3/6:2] 在馆    
唐山师范学院图书馆 欢迎您!
大连网信软件有限公司© 版权所有